00570nam a2200193Ia 450000500170000000800410001702000150005808200210007310000130009424500570010726000410016430000170020565000140022265000120023665000100024894200060025895200970026499900150036120250117023434.0240331s9999 xx 000 0 und d a0195643739 bPAR22640a305.3 aMukta, P 0aUpholding the Common Life:bThe Community of Mirabai aDelhibOxford University Pressc1994 aixx, 269 p., aCommunity aHistory aWomen cL 001040708LaWERCLbWERCLcSSCd2024-03-31l0o 305.3 MUKp2640r2024-03-31w2024-03-31yL c1599d1599